000 00576nam a2200193Ia 4500
008 230125s9999 xx 000 0 und d
020 _a978-81-259-5620-9
041 _aeng
082 _a657.42
_bARO
100 _aArora M N
_9106397
245 _aA Textbook of Cost and Management Accounting
250 _a10th ed
260 _c2012
_bVikas Publishing House Pvt. Ltd.
_aPune
500 _aCost accounting;Management & Cost Accounting;Management accounting
650 _aAccounting
_9106903
700 _aArora M N
_9106397
906 _b138
999 _c84287
_d84287